Jeu du pays frontalier le moins peuplé - Statistiques

Statistiques générales
  • Ce quiz a été pris 601 fois
  • Le résultat moyen est 87 sur 152
Réponses sur la Carte
Les réponses sont colorées sur une échelle allant du rouge au vert en fonction du pourcentage des utilisateurs qui les ont devinées à leur premier essai. Vous pouvez retrouver ces pourcentages ci-dessous.
 
Statistiques - réponses
Pays % Correct
Vatican
100%
Italie
97%
Saint-Marin
92%
Croatie
82%
Slovénie
82%
Kosovo
76%
Monténégro
76%
Albanie
75%
Bulgarie
75%
Grèce
75%
Macédoine du Nord
75%
Bosnie-Herzégovine
74%
Serbie
74%
Autriche
73%
Hongrie
73%
Slovaquie
73%
France
72%
Liechtenstein
72%
Suisse
72%
Monaco
71%
Andorre
70%
Espagne
70%
Portugal
70%
Maroc
67%
Mauritanie
66%
Sénégal
66%
Gambie
65%
Guinée
64%
Guinée-Bissau
64%
Liberia
63%
Niger
63%
Bénin
62%
Burkina Faso
62%
Côte d'Ivoire
62%
Sierra Leone
62%
Togo
62%
Algérie
61%
Cameroun
61%
Gabon
61%
Libye
61%
Mali
61%
République Centrafricaine
61%
République du Congo
61%
Tchad
61%
Tunisie
61%
Guinée équatoriale
60%
Nigeria
60%
Afrique du Sud
57%
Angola
57%
Botswana
57%
Burundi
57%
Djibouti
57%
Égypte
57%
Érythrée
57%
Eswatini
57%
Éthiopie
57%
Israël
57%
Kenya
57%
Lesotho
57%
Malawi
57%
Mozambique
57%
Namibie
57%
Rwanda
57%
Somalie
57%
Soudan
57%
Soudan du Sud
57%
Tanzanie
57%
Zambie
57%
Zimbabwe
57%
Arabie Saoudite
56%
Arménie
56%
Azerbaïdjan
56%
Géorgie
56%
Irak
56%
Iran
56%
Jordanie
56%
Koweït
56%
Liban
56%
Ouganda
56%
Ouzbékistan
56%
Qatar
56%
Syrie
56%
Turkménistan
56%
Afghanistan
55%
Bhoutan
55%
Chine
55%
Kirghizistan
55%
Népal
55%
Pakistan
55%
Tadjikistan
55%
Turquie
55%
Birmanie
54%
Cambodge
54%
Inde
54%
Indonésie
54%
Laos
54%
Malaisie
54%
Thaïlande
54%
Allemagne
53%
Bangladesh
53%
Biélorussie
53%
Brunei
53%
Estonie
53%
Lettonie
53%
Lituanie
53%
Luxembourg
53%
Moldavie
53%
Mongolie
53%
Papouasie-Nouvelle-Guinée
53%
Pologne
53%
République tchèque
53%
Roumanie
53%
Russie
53%
Timor oriental
53%
Ukraine
53%
Viêt Nam
53%
Belgique
52%
Danemark
52%
Pays-Bas
52%
Colombie
46%
Finlande
46%
Guyana
46%
Norvège
46%
Panama
46%
Suède
46%
Suriname
46%
Venezuela
46%
Argentine
45%
Belize
45%
Bolivie
45%
Brésil
45%
Canada
45%
Chili
45%
Corée du Nord
45%
Corée du Sud
45%
Costa Rica
45%
Émirats arabes unis
45%
Équateur
45%
Etats-Unis
45%
Guatemala
45%
Honduras
45%
Kazakhstan
45%
Mexique
45%
Nicaragua
45%
Oman
45%
Paraguay
45%
Pérou
45%
République démocratique du Congo
45%
Salvador
45%
Uruguay
45%
Yémen
45%
Ghana
44%
Aucun quiz correspondant
Distribution des résultats
% des personnes avec chaque résultat
Percentile par nombre de réponses
Votre historique - résultats
Vous n’avez pas pris ce quiz